|
|
|
|
| LEADER |
00000cas a2200000 a 4500 |
| 001 |
vtls001378308 |
| 003 |
SK-MaSNL |
| 005 |
20260228155716.0 |
| 008 |
160415d19961998xo au 0 0 0slo |
| 015 |
|
|
|a SNBE1999/04-02279 (r. 1997)
|
| 020 |
|
|
|a 8096806424
|
| 035 |
|
|
|a SNK000332271
|
| 040 |
|
|
|a SNK
|b slo
|c SNK
|e AACR2
|
| 041 |
0 |
|
|a slo
|
| 044 |
|
|
|a xo
|c SK
|
| 072 |
|
7 |
|a 373.5/.6
|x Stredné školy
|2 konspekt
|
| 080 |
|
|
|a (058)
|2 2011
|
| 080 |
|
|
|a 373.5
|2 2011
|
| 080 |
|
|
|a 050
|2 2011
|
| 245 |
0 |
0 |
|a Ročenka
|c Bilingválne anglicko-slovenské gymnázium Sučany
|
| 246 |
3 |
1 |
|a Bilingual English-Slovak Gramar School
|
| 260 |
|
|
|a Sučany
|b Bilingválne anglicko-slovenské gymnázium
|c [1996-1998]
|
| 300 |
|
|
|a 2 zv.
|c 30 cm
|
| 310 |
|
|
|a 1x ročne
|
| 362 |
0 |
|
|a [Roč. 1 (1996/97)-roč. 2 (1997/98)]
|
| 500 |
|
|
|a Názov a čiast. text angl.
|
| 650 |
0 |
7 |
|a gymnáziá
|2 SNKPH
|9 16386
|
| 655 |
|
7 |
|a ročenky
|2 SNKPH
|9 57146
|
| 910 |
|
|
|a snk
|
| 919 |
|
|
|a 80-968064-2-4
|
| 958 |
|
|
|a TL
|
| 958 |
|
|
|a BQ
|
| 999 |
|
|
|c 290
|d 290
|
| 952 |
|
|
|0 0
|1 0
|4 0
|7 0
|8 0
|a SNK
|b SNK
|d 1999-12-01
|i snkKSP 11848/99
|l 0
|o snkČSB 4881/2/1997-1998
|p 17A0219643
|r 2005-01-02 00:00:00
|w 2026-02-21
|y PREZ
|
| 952 |
|
|
|0 0
|1 0
|4 0
|7 0
|8 0
|a SNK
|b SNK
|d 1999-12-01
|i snkKSP 11849/99
|l 0
|o snkČSB 4881/2/1997-1998 D1
|p 17A0219644
|r 2005-01-02 00:00:00
|w 2026-02-21
|y PREZ
|